000 00932nam0a22002651 4500
001 rc\2974331
005 20250806211651.0
035 _a(NLR Aleph) 007120119
090 _a9818
_c9818
100 _a20040922d1943 u y0rusy50 ca
101 0 _arus
102 _aRU
105 _aabc z ||||y
200 1 _aПервые разведчики Великого пути
_eДля среднего и старшего возраста
_fМ.В. Муратов
210 _aМосква
_aЛенинград
_cДетгиз
_d1943
_eМосква
215 _a102, [2] с.
_cил., портр., карт.
_d19 см
700 1 _aМуратов
_bМ.В.
_f1892-1957
_gМихаил Васильевич
801 0 _aRU
_bNLR
_gpsbo
801 1 _aRU
_bELAR
_2rusmarc
852 _aNLR
_jДл02 Г-3/187
942 _cBOOK
945 _aРоссийская национальная библиотека
980 _aNB
980 _aBV